Методи обчислень (Запис № 312517)

МАРК-запис
000 -Лідер
fixed length control field 00652nam a22002657a 4500
003 - Ідентифікатор контрольного номера
control field UA-OsUOA
001 - Контрольний номер
control field 26201
007 - Фіксоване поле фізичного опису
fixed length control field ta
008 - Елементи даних фіксованої довжини – загальна інформація
fixed length control field 20040520b un ||||| |||| 00| 0 ukr d
090 ## - Локальний шифр розміщення
Класифікаційний індекс УДК 512.64(075.8)
Авторський знак (НП) Г12
040 ## - Джерело каталогізації
Агенція оригінальної каталогізації UA-OsUOA
Мова каталогізації ukr
Агенція, яка здійснювала перезапис UA-OsUOA
Агенція, яка здійснювала модифікацію UA-OsUOA
041 ## - Код мови
Код мови тексту/ звукової доріжки чи окремого заголовка (П) ukr
080 ## - Індекс Універсальної десяткової класифікації
Індекс Універсальної десяткової класифікації (УДК) (НП) 512.64(075.8)
020 ## - Міжнародний стандартний книжковий номер (ISBN)
Міжнародний стандартний книжковий номер (ISBN) (НП) 5-11-004029-Х
044 ## - Код країни видавця/ виробника
Код країни видавця/ виробника (П) UA
100 ## - Основне введення – ім’я особи
Ім’я особи (НП) Гаврилюк І.П.
245 ## - Відомості про назву
Назва (НП) Методи обчислень
Решта назви (НП) Підручник
260 ## - Публікація, розповсюдження і т.п. (Вихідні дані)
Місце публікації, розповсюдження і т.п. (П) Київ
Ім’я/ наймення видавництва, розповсюджувача і т.п. (П) Вища школа
Дата публікації, розповсюдження і т.п. (П) 1995
300 ## - Фізичний опис
Обсяг 431 с.
650 #7 - Додаткове предметне введення – тематичний термін
Джерело заголовка чи терміна UDC
700 ## - Додаткове введення – ім'я особи
Ім’я особи (НП) Макаров В.Л.
942 ## - Додаткові елементи входу (Коха)
Тип елемента Koha Книги
955 ## - Код типу видання за змістом
Код типу видання за змістом (НП) інше
Фонди
Стан вилучень Стан втрат Джерело класифікації або схеми стелажів Стан уражень Не для кредиту Постійне місце розташування Поточне розміщення Дата придбання Інвентарний номер Усього замовленно Повний номер виклику Штрих-код Дата останнього перегляду Ціна ефективна від Тип елемента Koha Вартість, звичайна ціна покупки
    Universal Decimal Classification     АБ - Абонемент НБ АБ - Абонемент НБ 17/08/2006 10586   512.64(075.8) Г12 10586 24/12/2021 20/05/2004 Книги  
    Universal Decimal Classification     АБ - Абонемент НБ АБ - Абонемент НБ 17/08/2006 10587   512.64(075.8) Г12 10587 24/12/2021 20/05/2004 Книги  
    Universal Decimal Classification     АБ - Абонемент НБ АБ - Абонемент НБ 17/08/2006 10589   512.64(075.8) Г12 10589 24/12/2021 20/05/2004 Книги  
    Universal Decimal Classification     ЧЗ - Читальна зала ЧЗ - Читальна зала 20/05/2004 68877   512.64(075.8) Г12 68877 07/02/2022 20/05/2004 Книги 10.83
    Universal Decimal Classification     ЧЗ - Читальна зала ЧЗ - Читальна зала 20/05/2004 68878   512.64(075.8) Г12 68878 07/02/2022 20/05/2004 Книги 12.00
    Universal Decimal Classification     ЧЗ - Читальна зала ЧЗ - Читальна зала 20/05/2004 68879   512.64(075.8) Г12 68879 07/02/2022 20/05/2004 Книги 12.00
    Universal Decimal Classification     ЧЗ - Читальна зала ЧЗ - Читальна зала 20/05/2004 68880   512.64(075.8) Г12 68880 07/02/2022 20/05/2004 Книги 10.00